| 000 | 00735 a2200193 4500 | ||
|---|---|---|---|
| 003 | Nust | ||
| 005 | 20170207153553.0 | ||
| 020 | _a0-07-058309-9 | ||
| 040 | _cNust | ||
| 082 | _a621.381 | ||
| 100 | 1 | _aSlurzberg, Morris | |
| 245 | 0 | 0 |
_aEssentials of communication electronics / _cM. Slurzberg, W. Osterheld |
| 250 | _a3. ed. | ||
| 260 |
_aNew York ..., _c1973 |
||
| 300 | _a791 s | ||
| 505 | _aRadio Sound and light wave Measurements (Page-1) Solid State Diodes (Page-27) Electron tube Diodes (Page-55) Transistors (Page-67) Electron Tubes (Page-50) Specialized Power Sources (Page-165) Biasing Circuits (Page-193) Types and Sources of Waveforms (Page-749) | ||
| 538 | _aAlmirah No. 130 and Shelf No. 1 | ||
| 700 | 1 | _aOsterheld, William | |
| 942 |
_2ddc _cBK |
||
| 999 |
_c188940 _d188940 |
||